• 首页
  • 本馆介绍
  • 公告通知
  • 最新文献
  • 馆藏检索
  • 电子资源
  • 读者导购
  • 参考咨询
  • 我的图书馆
  • 登录
  • 详细信息显示
  • 放入我的书架
  • 预约/预借图书
  • 作者相关作品
  • 分类相关作品
  • 丛书相关作品
  • 出版社相关作品

书目信息

  • 表格格式
  • 工作单格式
  • 卡片格式
题名:
宇宙黑洞的秘密
    
 
作者: Asimov , 阿西莫夫 著 ;李立昂 译
分册:  
出版信息: 上海   知识出版社  1983
页数: 178页
开本: 19cm
丛书名:
单 册:
中图分类: P145.8-49
科图分类:
主题词: 黑洞--普及读物
电子资源:
ISBN:
000 00817nam0 2200277 45
001 0183006379
005 20060811154745.00
010    @dCNY0.49
091    @a13214.1006
100    @a19950724d1983 em y0chiy0121 ea
101 1  @achi@ceng
102    @aCN@b310000
105    @ay z 000yy
200 10 @a宇宙黑洞的秘密@Ayu zhou hei dong de mi mi@f(美)阿西莫夫(I.Asimov)著@g李立昂译
210    @a上海@c知识出版社@d1983
215    @a178页@d19cm
300    @a书名原文:The Collapsing Universe: The Story of Black Holes
510 1  @aThe Collapsing Universe@zeng
606    @a黑洞@x普及读物
690    @aP145.8-49@v3
701 A1 @aAsimov@bI.@4著
701  1 @a阿西莫夫@Aa xi mo fu@bI.@4著
702  0 @a李立昂@Ali li ang@4译
801  2 @aCN@bNLC@c20060811
801  0 @aCN@bTSSF
905    @a10447@dP145.8-49@e111
    
    宇宙黑洞的秘密/(美)阿西莫夫(I.Asimov)著/李立昂译.-上海:知识出版社,1983
    178页;19cm
    书名原文:The Collapsing Universe: The Story of Black Holes
    
    ISBN :CNY0.49
    
●
相关链接 在E读中查询图书 在五车中查询图书 在当当中查询图书 在豆瓣中查询图书


正题名:宇宙黑洞的秘密     索取号:P145.8-49/111         预约/预借

序号 登录号 条形码 馆藏地/架位号 状态 备注
1 0452261   204522613   密集书库/ [索取号:P145.8-49/111] 在馆    
唐山师范学院图书馆 欢迎您!
大连网信软件有限公司© 版权所有